محفوظ في:
| المؤلف الرئيسي: | |
|---|---|
| مؤلفون آخرون: | |
| التنسيق: | أطروحة |
| اللغة: | Arabic |
| منشور في: |
خرطوم :
معهد خرطوم دولى غة عربية،
1985
|
| الموضوعات: | |
| الوسوم: |
إضافة وسم
لا توجد وسوم, كن أول من يضع وسما على هذه التسجيلة!
|
| LEADER | 012010000a22002770004500 | ||
|---|---|---|---|
| 001 | 82190 | ||
| 005 | 20021114215200.0 | ||
| 008 | 940321s1985 sj ara | ||
| 035 | |a 304829 | ||
| 035 | |a (Sirsi) 82190 | ||
| 040 | |a UIAM |b eng | ||
| 049 | |b m | ||
| 050 | 4 | |a PJ6127 | |
| 100 | 1 | |a صالح، محمد عثمان | |
| 242 | 1 | 3 | |a الإملاء العربى و طرق تدريسه فى المدارس والمعاهد لجهاز التعليم الأرتري |
| 246 | 0 | 4 | |a al-Imla' al-'Arabi wa-turuq tadrisih fi al-madaris wa-al-ma'ahid li-jihaz al-ta'lim al-Aritri / |c i'dad Muhammad 'Uthman Salih ; ishraf Ahmad Ba Bakr |
| 260 | 1 | |a خرطوم : |b معهد خرطوم دولى غة عربية، |c 1985 | |
| 300 | |a 45 p. ;30 cm. | ||
| 502 | |a (Dip.)--Ma'had al-Khartum al-Duwali lil-Lughat al-'Arabiyah, 1985 | ||
| 596 | |a 1 | ||
| 650 | 0 | |a Arabic language |x Orthography and spelling Study and teaching |z Eritrea | |
| 655 | 0 | 7 | |a Theses, non-IIUM |
| 700 | 1 | |a Salih, Muhammad 'Uthman | |
| 900 | |a khs-abu-abs | ||
| 999 | |c 430478 |d 461969 | ||
| 952 | |0 0 |6 T PJ 006127 S165I 1985 |7 0 |8 THESES |9 749737 |a IIUM |b IIUM |c MULTIMEDIA |g 0.00 |o t PJ 6127 S165I 1985 |p 00000046645 |r 2017-10-20 |t 1 |v 0.00 |y THESIS | ||
